İçtihatlı ve notlu Vergi Usul Kanunu ve ilgili diğer mevzuat (Record no. 10373)
[ view plain ]
| 000 -BAŞLIK | |
|---|---|
| Sabit Uzunlukta Kontrol Alanı | 01212na a2200277 4500 |
| 001 - KONTROL NUMARASI | |
| Denetim Alanı | 23807 |
| 003 - KONTROL NUMARASI IDENTIFIER | |
| Denetim Alanı | MIRAKIL |
| 005 - SON İŞLEM TARİHİ VE ZAMANI | |
| Denetim Alanı | 20181213155318.0 |
| 008 - SABİT-BOY VERİ ELEMANLARI - GENEL BİLGİLER | |
| Sabit Uzunlukta Kontrol Alanı | 171227b tu 000 0 |
| 040 ## - KATALOGLAMA KAYNAK | |
| Orijinal Kataloglama Ajansı | Milas |
| Kataloglama Dili | tur |
| Metne Dönüştürmek Ajansı | TR-AnCHP |
| 041 ## - DİL KODU | |
| Metin / Ses Parça Veya Ayrı Başlığın Dil Kodu | tur |
| 082 ## - DEWEY ONLU SINIFLANDIRMA NUMARASI | |
| Sınıflandırma Numarası | 343.04 |
| Ürün Numarası | İ17 1958 |
| 090 ## - SINIFLAMA NUMARASI | |
| Sınıflama Numarası | 343.04 İ17 1958 |
| 245 ## - BAŞLIK TABLOSU | |
| Başlık | İçtihatlı ve notlu Vergi Usul Kanunu ve ilgili diğer mevzuat |
| Sorumluluk Tablosu, Vb | hazırlayanlar Ayhan Hankuş, Özhan Eroğuz |
| 260 ## - YAYIN, DAĞITIM, VB | |
| Yayın, Dağıtım, Vb Yeri | Ankara |
| Yayıncı, Dağıtıcı, Vs Adı | [yayl.y.] |
| Yayın, Dağıtım, Vb Tarihi | 1958 |
| Üretici Firma | Doğuş Ltd. Şirketi matbaası |
| 300 ## - FİZİKSEL TANIM | |
| Kapsam | iii. 346 s. |
| Boyutlar | 24 sm. |
| 490 ## - SERİSİ TABLOSU | |
| Seri Beyanı | Maliye ve Hukuk yayınları |
| Hacim / Ardışık Tanımı | 51 |
| 505 ## - BİÇİMLENDİRİLDİ İÇİNDEKİLER NOT | |
| Biçimlendirilmiş İçeriği Dikkat | Vergi usul kanunu ve amme alacaklarının tahsil usulü hakkında kanun; Ticaret kanunu, ceza kanunu hukuk yargılama usulü, ceza yargılama usulü, İcra iflas ve şurayı devlet kanunlarının ilgili hükümleri; Gelir vergisi, kurumlar vergisi kanunlarının ilgili maddeleri; Devlet Şurası Kararları ve Maliye Vekaleti genel tebliğleri. |
| 650 ## - KONU KATMA GİRİŞ - TOPİKAL DÖNEM | |
| Topikal Süreli Veya Coğrafi Ad Giriş Elemanı | Vergi |
| Genel Alt Bölümü | Hukuk ve mevzuat |
| Coğrafi Alt Bölümü | Türkiye |
| 650 ## - KONU KATMA GİRİŞ - TOPİKAL DÖNEM | |
| Topikal Süreli Veya Coğrafi Ad Giriş Elemanı | Vergi usul hukuku |
| Coğrafi Alt Bölümü | Türkiye |
| 650 ## - KONU KATMA GİRİŞ - TOPİKAL DÖNEM | |
| Topikal Süreli Veya Coğrafi Ad Giriş Elemanı | Vergi hukuku |
| Coğrafi Alt Bölümü | Türkiye |
| 700 ## - KATMA GİRİŞ - KİŞİSEL İSİM | |
| Kişisel Ad | Eroğuz, Özhan |
| Relator Terim | haz. |
| 700 ## - KATMA GİRİŞ - KİŞİSEL İSİM | |
| Kişisel Ad | Hankuş, Ayhan |
| Relator Terim | haz. |
| 942 ## - EKLENDİ GİRİŞ ELEMANLARI (KOHA) | |
| Sınıflandırma Veya Raf Düzeni Kaynak | Dewey Decimal Classification |
| Koha Öğesi Türü | Books |
| 999 ## - SİSTEM KONTROL NUMARALARI (KOHA) | |
| Koha Biblionumber | 10373 |
| Koha Biblioitemnumber | 10373 |
| 657 ## - INDEX SÜRE - İŞLEVİ | |
| -- | Vergi Usul Kanunu |
| Kalıcı Konum | Mevcut Konum | Edinme Tarihi | Edinim Kaynak | Toplam Check-Out'Lar | Tam Çağrı Numarası | Barkod | Tarih Son Görülme | İtibaren Geçerli Fiyatlar | Koha Öğesi Türü |
|---|---|---|---|---|---|---|---|---|---|
| CHP Kütüphanesi | CHP Kütüphanesi | 12/27/2017 | Bağış | 343.04 İ17 1958 | 017784 | 12/27/2017 | 12/27/2017 | Books |
